000 00489nam a2200181Ia 4500
001 23495
005 20260414150941.0
008 260414t2017||||xx |||||||||||||| ||spa||
041 _aESP
082 _a650.14
_bL569
100 _aLoyola Angeles, Fernando
_eAUT
245 0 _aDiseña tu carrera :
_buna guía para aprovechar las oportunidades del mercado laboral
260 _c2017
300 _a182 páginas :
_c22 cm.
650 _aGEN
654 _aCCO
942 _cLIB
_dJUS
_fJUS
_2ddc
_n
999 _c23495
_d23495